skbl

Dr Suryya Kumar Bhuyan Library Web-OPAC
ডঃ সূৰ্য্য
কুমাৰ ভূঞা পুথিভঁৰাল ৱেব-অ'পেক

All Research Scholars are advised to clear the annual library fees to continue using Library Resources, Remote Access, Plagiarism Test and Library Clearance.

Cotton University Book Fair 2026

Bedayatul Hedaya / (Record no. 21948)

MARC details
000 -LEADER
fixed length control field 00736nam a2200277Ia 4500
001 - CONTROL NUMBER
control field 21966
005 - DATE AND TIME OF LATEST TRANSACTION
control field 20240114000619.0
007 - PHYSICAL DESCRIPTION FIXED FIELD--GENERAL INFORMATION
fixed length control field ta
008 - FIXED-LENGTH DATA ELEMENTS--GENERAL INFORMATION
fixed length control field 060310s342 g b000 u ud u
040 ## - CATALOGING SOURCE
Original cataloging agency Cotton College,Assam
041 ## - LANGUAGE CODE
Language code of text/sound track or separate title ud
082 ## - DEWEY DECIMAL CLASSIFICATION NUMBER
Classification number 297.27
Item number Gh 342 Be
100 ## - MAIN ENTRY--PERSONAL NAME
Personal name Ghazali, Imam Abu Hamid Muhammad.
245 #0 - TITLE STATEMENT
Title Bedayatul Hedaya /
Statement of responsibility, etc. Imam Abu Hamid Muhammad Ghazali.
Medium Textual Documents
246 ## - VARYING FORM OF TITLE
Title proper/short title Beginning of the right path.
250 ## - EDITION STATEMENT
Edition statement 1st ed. /
260 ## - PUBLICATION, DISTRIBUTION, ETC.
Place of publication, distribution, etc. Sl :
Name of publisher, distributor, etc. Sn ,
Date of publication, distribution, etc. 1342 Hijri.
300 ## - PHYSICAL DESCRIPTION
Extent 96p. ;
Dimensions 22cm.
653 ## - INDEX TERM--UNCONTROLLED
Uncontrolled term Religion-Islam
653 ## - INDEX TERM--UNCONTROLLED
Uncontrolled term Hadith
653 ## - INDEX TERM--UNCONTROLLED
Uncontrolled term Arabic-Religion
653 ## - INDEX TERM--UNCONTROLLED
Uncontrolled term G-Urdu
942 ## - ADDED ENTRY ELEMENTS (KOHA)
Source of classification or shelving scheme Dewey Decimal Classification
Koha item type Books
Holdings
Withdrawn status Lost status Damaged status Not for loan Collection Home library Current library Date acquired Coded location qualifier Total checkouts Full call number Barcode Date last seen Copy number Price effective from Koha item type
          Dr. Suryya Kumar Bhuyan Library Dr. Suryya Kumar Bhuyan Library 01/02/2012 00000   297.27 Gh 342 Be ISL-62/New 14/01/2024 1 01/02/2012 Books

Designed and Maintained by Team SKBL
©1901-2026

Powered by Koha